00445nmm a2200145Ia 4500008004100000020001800041041000800059100002900067245005600096264004200152300001800194490001400212650002200226856005100248251105s9999||||xx |||||||||||||||||und|| a9788490072806 aspa aPérez Galdós, Benito 0aEpisodios nacionales I. Juan Martín el Empecinado a[Madrid, España] :bLinkgua, c2016 a198 páginas aNarrativa aSpanish narrative uhttps://public.digitaliapublishing.com/a/24084